01598cam a22004094i 4500003000900000005001700009008004100026020001500067020001800082035002000100040003300120082002600153100002700179245009300206264005600299300005900355336002100414337002500435338002300460504003900483505050100522526000901023526000901032526000901041526000901050526000901059526000901068526000801077526000801085526000801093526000801101526000801109526000801117650002601125650002501151650001201176PE-LiUPU20251015094305.0170111s2015 xxua r 001 0 eng d a0758649177 a9780758649171 a(Sirsi) a165972 aPE-LiUPUbspacPE-LiUPUerda04a943.21029092bW432231 aWellman, Sam.,eautor.10aFrederick the Wise :bSeen and Unseen Lives of Martin Luther's Protector /cSam Wellman. 1aSt. Louis, MO :bConcordia Publishing House,c2015. axxiv, 321 páginas :bilustraciones ;c23 centimetros atext2rdacontent aunmediated2rdamedia avolume2rdacarrier aBibliografía :páginas 239-252.0 aContemporaries relevant to Frederick the Wise -- Chronology of events relevant to Frederick the Wise -- 1. The beginning (1463-87) -- 2. Visions of a many-eyed prince (1488-93) -- 3. Imperial beau to disenchanted foe (1494-98) -- 4. Hasty return to Saxony (1499-1505) -- 5. Consummate territorial prince (1506-12) -- 6. Life in Frederick's court (1513-17) -- 7. The Martin Luther maelstrom (1518-20) -- 8. New teachings and a world upside down (1521-25) -- 9. The half millennium after Frederick. aP136 aP135 aP134 aP133 aP144 aP143 aP87 aP35 aP20 aP14 aP10 aP0604aReformavBiografía.04aReyes y gobernantes.00aReforma